| 000 | 00664nam a2200193Ii 4500 | ||
|---|---|---|---|
| 003 | JO-AjNU | ||
| 008 | 230605s9999||||xx |||||||||||||| ||und|| | ||
| 040 |
_aJO-AjNU _bara _erda _cJO-AjNU |
||
| 041 | _aara | ||
| 050 | 1 | 4 | _aBP166.89.B3496 1996 |
| 100 | 3 |
_aبالي،وحيد عبد السلام, _eauthor _98171 |
|
| 245 | 0 | 0 | _aوقاية الإنسان من الجن والشيطان |
| 264 | 3 | 1 | _aالقاهرة: دار البشير للطباعة والنشر والتوزيع، 1996 |
| 300 | _a328ص | ||
| 336 |
_atext _btxt _2rdacontent |
||
| 337 |
_aunmediated _bn _2rdamedia |
||
| 338 |
_avolume _bnc _2rdacarrier |
||
| 650 | 4 |
_aالانسان- الجن _98172 |
|
| 999 |
_aA653 _c4221 _d4221 |
||